Desigualdades entre hombres y mujeres en los mercados de trabajo urbano del Tercer Mundo /

Aquí se hace un resumen del contenido de los diferentes capítulos de esta publicación que trata sobre la discriminación basada en el sexo que se presenta en el mercado de trabajo y de como se logra una mayor igualdad entre el hombre y la mujer en el empleo urbano. Se apunta que la educación y capaci...

Descripció completa

Guardat en:
Dades bibliogràfiques
Autor principal: Anker, Richard
Altres autors: Hein, Catherine
Format: Desconegut
Publicat: Ginebra: OIT
Matèries:
Etiquetes: Afegir etiqueta
Sense etiquetes, Sigues el primer a etiquetar aquest registre!

MARC

LEADER 00000 a2200000 04500
001 12686
003
008 991231s d
040
090 |a 0003 A611g  
100 |a Anker, Richard  
245 |a Desigualdades entre hombres y mujeres en los mercados de trabajo urbano del Tercer Mundo /  |c Richard Anker 
260 |a Ginebra:   |b OIT  
520 |a Aquí se hace un resumen del contenido de los diferentes capítulos de esta publicación que trata sobre la discriminación basada en el sexo que se presenta en el mercado de trabajo y de como se logra una mayor igualdad entre el hombre y la mujer en el empleo urbano. Se apunta que la educación y capacitación vocacional son claves en ese sentido. Así, es fundamental, según los autores, que la mujer tenga un rango amplio de opciones de educación y capacitación. Aunque las desigualdades en el empleo entre hombres y mujeres, generalmente, tengan hondas raíces culturales y estén ligadas a la división del trabajo por sexo en el hogar, las intervenciones políicas no son imposibles. SM/eb  
650 |a DISCRIMINACION BASADA EN EL SEXO  
650 |a TRABAJO  
650 |a IGUALDAD DE OPORTUNIDADES  
650 |a HOMBRES  
650 |a MUJERES  
650 |a ZONAS URBANAS  
650 |a HOGAR  
700 |a Hein, Catherine  
999 |c 17448  |d 17448